Химическая форма движения материи: заметки по философским вопросам химии

Sonraí bibleagrafaíochta
Príomhchruthaitheoir: Добротин Р. Б. Роман Борисович
Údar corparáideach: Ленинградский государственный университет им. А. А. Жданова
Teanga:Rúisis
Foilsithe / Cruthaithe: Ленинград, Изд-во Ленинградского ун-та, 1967
Ábhair:
Formáid: LEABHAR
KOHA link:https://koha.lib.tpu.ru/cgi-bin/koha/opac-detail.pl?biblionumber=98742

MARC

LEADER 00000nam0a2200000 4500
001 98742
005 20231101214213.0
035 |a (RuTPU)RU\TPU\book\105856 
090 |a 98742 
100 |a 20060621d1967 m y0rusy50 ca 
101 0 |a rus 
102 |a RU 
105 |a a z 001zy 
200 1 |a Химическая форма движения материи  |e заметки по философским вопросам химии  |f Р. Б. Добротин  |g Ленинградский государственный университет им. А. А. Жданова 
210 |a Ленинград  |c Изд-во Ленинградского ун-та  |d 1967 
215 |a 64 с.  |c ил. 
320 |a Библиогр.: с. 61-62. 
606 1 |a Химия  |x Философские проблемы  |2 stltpush  |3 (RuTPU)RU\TPU\subj\17380  |9 43039 
610 1 |a материя 
610 1 |a движение 
675 |a 54:1  |v 3 
700 1 |a Добротин  |b Р. Б.  |g Роман Борисович 
712 0 2 |a Ленинградский государственный университет им. А. А. Жданова  |2 stltpush  |3 (RuTPU)RU\TPU\col\77 
801 1 |a RU  |b 63413507  |c 20060621  |g PSBO 
801 2 |a RU  |b 63413507  |c 20140628  |g PSBO 
942 |c BK